| 000 | 00568cam a2200193 a 4500 | ||
|---|---|---|---|
| 020 | _a007065168X | ||
| 040 | _cDLC | ||
| 082 | 0 | 0 | _a005 MCG 1989 A003 Or. |
| 100 | 1 | _aTremblay, Jean-Paul, | |
| 245 | 1 | 3 |
_aAn introduction to computer science : _ban algorithmic approach / |
| 250 | _a2nd ed. | ||
| 260 |
_aNew York : _bMcGraw-Hill, _cc1989. |
||
| 300 |
_axxv, 806 p. : _bill. (some col.) ; _c24 cm. |
||
| 650 | 0 | _aComputer programming. | |
| 650 | 0 | _aComputer algorithms. | |
| 650 | 0 | _aData structures (Computer science) | |
| 700 | 1 | _aBunt, Richard B., | |
| 942 | _cEK | ||
| 999 |
_c16455 _d16455 |
||